Emoji Quiz #18 - Statistics

General Stats
  • This quiz has been taken 32 times
  • The average score is 11 of 25
Answer Stats
Hint Answer % Correct
πŸŽ„ {Christmas} tree
100%
πŸŽͺ {circus} tent
64%
🎒 {roller} {coaster}
64%
🎑 {ferris} {wheel}
60%
πŸ› playground {slide}
60%
🎫 {ticket}
60%
🧢 {yarn}
60%
πŸ–ΌοΈ framed {picture}
56%
πŸͺ‘ {sewing} needle
52%
🎐 {wind} chime
52%
🎭 performing {arts}
48%
🧡 {thread}
44%
🎠 {carousel} horse
40%
πŸŽ€ {ribbon}
40%
🎟️ admission {tickets}
36%
🎞️ {film} frames
36%
🧧 red {envelope}
36%
πŸŽ—οΈ reminder {ribbon}
36%
🎨 artists {palette}
32%
🎎 {Japanese} dolls
28%
🎁 {wrapped} gift
28%
πŸŽ‘ {moon} viewing ceremony
20%
🎏 {carp} streamer
16%
🎍 {pine} decoration
16%
πŸŽ‹ {tanabata} tree
16%
No matching quizzes found
Score Distribution
Percent of People with Each Score
Percentile by Number Answered
Your Score History
You have not taken this quiz